Letters of the Marathi Alphabet - Statistics

General Stats
  • This quiz has been taken 28 times
  • The average score is 12 of 15
Answer Stats
Letter % Correct
a
100%
ā
100%
o
96%
ô
96%
i
92%
ī
92%
u
92%
ū
92%
e
88%
r
73%
अं ah
65%
ai
50%
अं am
42%
au
42%
æ
31%
No matching quizzes found
Score Distribution
Percent of People with Each Score
Percentile by Number Answered
Your Score History
You have not taken this quiz